| 000 | 00375nam a22001577a 4500 | ||
|---|---|---|---|
| 005 | 20180809123406.0 | ||
| 008 | 160625b xxu||||| |||| 00| 0 eng d | ||
| 041 | _aeng | ||
| 082 |
_b10040 _a658.3 |
||
| 100 |
_aChakraborty, S.K. _92753 |
||
| 245 | _aHuman Response Organizations | ||
| 260 | _bVivekanand Nidhi | ||
| 300 | _a221p, | ||
| 650 |
_aManagement _9241 |
||
| 942 | _cBK | ||
| 999 |
_c3975 _d3974 |
||